| 000 | 00877nam a2200253Ia 4500 | ||
|---|---|---|---|
| 005 | 20211111074339.0 | ||
| 008 | 130821s1972 ag gr spa | ||
| 040 |
_aCo-BoUCM _bspa |
||
| 041 | 0 | 0 | _aspa |
| 060 |
_aBF 466 _25 |
||
| 100 | 1 |
_aSlobin, Dan I. _9163071 |
|
| 245 | 1 | 0 |
_aIntroducción a la psicolingüística _cDan I. Slobin |
| 260 |
_aBuenos Aires (Argentina) _bEditorial Pidos _c1972 |
||
| 300 | _a165 páginas | ||
| 490 |
_aBiblioteca de psicología y sociología aplicadas. _v15 _aSerie fundamental |
||
| 500 | _aMaterial donado por: Dra. Nohra Pabon. (Oct 2006) | ||
| 504 | _aIncluye bibliografía | ||
| 650 | 0 | 4 |
_aDesarrollo del lenguaje _912952 |
| 650 | 0 | 4 |
_aGramática _916516 |
| 650 | 0 | 4 |
_aPsicolingüística _922796 |
| 650 | 0 | 4 |
_aPsicología aplicada _922800 |
| 650 | 0 | 4 |
_aTeoría lingüística _9440 |
| 942 |
_cLIBRO _a9 _e1 _mS634i _2NLM _hBF 466 _n0 |
||
| 999 |
_c50985 _d50985 |
||